000 00875cam a22002531 4500
001 sd 48000053
003 DLC
005 20260227112735.0
008 860725s1948 dcu 000 0 eng c
010 _asd 48000053
035 _a(OCoLC)13943345
040 _aU.S. Dept. of State. Library
_cDGW
_dDGW
_dOCoLC
_dDLC
042 _apremarc
050 0 0 _aHF1456 1948
_b.B73
100 1 _aBrown, Winthrop Gilman,
_d1907-
245 1 0 _aUnited States foreign economic policy.
260 _a[Washington,
_bU.S. Govt. Print. Off.,
_c1948]
300 _a11 p.
_c26 cm.
490 1 _a[U. S.] Dept. of State. Publication
_v3097.
_aGeneral foreign policy series,
_v1
500 _aCover title.
651 0 _aUnited States
_xEconomic policy.
830 0 _aDepartment of State publication ;
_v3097.
810 1 _aUnited States.
_bDepartment of State.
_tGeneral foreign policy series ;
_v1.
999 _c89990
_d89990